| 000 | 00442nam a2200157Ia 4500 | ||
|---|---|---|---|
| 008 | 230719s9999 xx 000 0 und d | ||
| 041 | _aeng | ||
| 082 |
_a621.382'2 _bPRO |
||
| 100 | _aProakis J.G. | ||
| 245 |
_aDigital Signal Processing _bPrinciples, Algorithms, And Applications |
||
| 250 | _a3rd ed. | ||
| 260 | _bPrentice Hall of India Pvt. Ltd. | ||
| 300 | _a968 | ||
| 365 |
_cRs. _b175.00 |
||
| 700 | _aProakis J.G. & Manolakis D.G. | ||
| 999 |
_c354291 _d354291 |
||